| 000 | 00514nam a2200193 i 4500 | ||
|---|---|---|---|
| 001 | 134224 | ||
| 003 | ES-MaACL | ||
| 005 | 20250801154644.0 | ||
| 007 | t| | ||
| 008 | 070906s1969 sp ||||1| spa d | ||
| 100 | 1 |
_aXandró, Mauricio. _9117492 |
|
| 245 | 1 | 0 |
_aDiálogos de amor / _cMauricio Xandró. |
| 260 |
_aMadrid : _bStudium, _c[1969] |
||
| 300 |
_a150 p. ; _c18 cm. |
||
| 650 | 1 | 4 |
_aNoviazgo. _915640 |
| 650 | 7 |
_aAmor _2embne _99754 |
|
| 852 |
_aES-MaACL _jC-53348 _bR.72130 |
||
| 999 |
_c134224 _d134224 |
||